Normal view
MARC view
Entry Topical Term
001 - CONTROL NUMBER
- control field: 11598
003 - CONTROL NUMBER IDENTIFIER
- control field: BD-RjUL
005 - DATE AND TIME OF LATEST TRANSACTION
- control field: 20240210153803.0
008 - FIXED-LENGTH DATA ELEMENTS
- fixed length control field: 240210|| aca||aabn | a|a d
040 ## - CATALOGING SOURCE
- Original cataloging agency: BD-RjUL
- Transcribing agency: BD-RjUL
150 ## - HEADING--TOPICAL TERM
- Topical term or geographic name entry element: Feeds
- Form subdivision: Animal husbandry
670 ## - SOURCE DATA FOUND
- Source citation: Work cat.: (BD-RjUL)83028: Bhuyain, Mohammad. Abdul Baten 11597, Formulation of different types of sinking and floating feeds and their effect on growth of monosex tilapia / , 2018